Statistics for Country Names in their Official Languages #1

Click here to take the quiz!

General Stats

  • This quiz has been taken 25 times
  • The average score is 10 of 15

Answer Stats

QuestionAnswer% Correct
ÍslandIcelandic
96%
ÖsterreichGerman
91%
al-'UrdunnArabic
87%
MadagasikaraMalagasy
87%
AotearoaMāori
83%
Ye-ĪtyōṗṗyāAmharic
78%
KâmpŭchéaKhmer
78%
ZhōngguóChinese
65%
AyitiHaitian Creole
65%
Crna GoraMontenegrin
61%
MeṛṛukBerber
57%
ṂajeḷMarshallese
57%
SakartveloGeorgian
52%
Dhivehi RaajjeygeMaldivian
52%
Bukhan (Chosŏn Minjujuŭi Inmin Konghwaguk)Korean
26%

Score Distribution

Percentile by Number Answered

Percent of People with Each Score

Your Score History

You have not taken this quiz